书目信息 |
| 题名: |
就是欺负你不懂
|
|
| 作者: | 小二 著 | |
| 分册: | 汽车保养之上海通用 | |
| 出版信息: | 北京 中国水利水电出版社 2014 |
|
| 页数: | 111页 | |
| 开本: | 24cm | |
| 丛书名: | ||
| 单 册: | ||
| 中图分类: | U472.2 | |
| 科图分类: | ||
| 主题词: | 汽车--基本知识--保养 , 汽车 | |
| 电子资源: | ||
| ISBN: | 978-7-5170-2382-1 | |
| 000 | 00889nam0 2200241 450 | |
| 001 | 57 | |
| 001 | 01CN11104382@CSLN | |
| 005 | 20160906091546.15 | |
| 010 | @a978-7-5170-2382-1@dCNY58.00 | |
| 100 | @a20141020d2014 em y0chiy50 ea | |
| 101 | 0 | @achi |
| 102 | @aCN@b110000 | |
| 105 | @aa z 000yy | |
| 200 | 1 | @a就是欺负你不懂@b专著@i汽车保养之上海通用@f小二著@9jiu shi qi fu ni bu dong |
| 210 | @a北京@c中国水利水电出版社@d2014 | |
| 215 | @a111页@c彩照@d24cm | |
| 330 | @a本书从工具准备、配件选购、操作步骤、技术要领、费用对比等车友最关心的角度着手,讲述了上海通用品牌车型换轮胎,给电瓶“借火”,换机油、机滤、空调滤、火花塞、刹车油、刹车片、刹车盘、防冻液等各种常规及非常规保养项目。 | |
| 606 | 0 | @a汽车@x基本知识@x保养 |
| 606 | @a汽车 | |
| 690 | @aU472.2@v5 | |
| 701 | 0 | @a小二@c(汽车维修)@4著@9xiao er |
| 801 | 0 | @aCN@b唐山师范学院图书馆@c20160720 |
| 905 | @aZUCC@dU472.2@e289 | |
| 就是欺负你不懂.汽车保养之上海通用/小二著.-北京:中国水利水电出版社,2014 |
| 111页:彩照;24cm |
| ISBN 978-7-5170-2382-1:CNY58.00 |
| 本书从工具准备、配件选购、操作步骤、技术要领、费用对比等车友最关心的角度着手,讲述了上海通用品牌车型换轮胎,给电瓶“借火”,换机油、机滤、空调滤、火花塞、刹车油、刹车片、刹车盘、防冻液等各种常规及非常规保养项目。 |
| ● |
| 相关链接 |
|
|
|
|
正题名:就是欺负你不懂
索取号:U472.2/289
 
预约/预借
| 序号 | 登录号 | 条形码 | 馆藏地/架位号 | 状态 | 备注 |
| 1 | 900232 | 209002327 | 第二样本阅览室/ [索取号:U472.2/289] | 在馆 | |
| 2 | 900233 | 209002336 | 第三借阅区/ [索取号:U472.2/289] | 在馆 | |
| 3 | 900234 | 209002345 | 第三借阅区/ [索取号:U472.2/289] | 在馆 | |
| 4 | 900235 | 209002354 | 第三借阅区/ [索取号:U472.2/289] | 在馆 |